MARC details
| 000 -CABECERA |
| campo de control de longitud fija |
01168nam a2200289 a 4500 |
| 001 - NÚMERO DE CONTROL |
| campo de control |
000013901 |
| 005 - FECHA Y HORA DE LA ÚLTIMA TRANSACCIÓN |
| campo de control |
20200929163406.0 |
| 008 - DATOS DE LONGITUD FIJA--INFORMACIÓN GENERAL |
| campo de control de longitud fija |
091201r20002000dr 001 m spa d |
| 020 ## - NÚMERO INTERNACIONAL ESTÁNDAR DEL LIBRO |
| Número Internacional Estándar del Libro |
8420636444 |
| 040 ## - FUENTE DE LA CATALOGACIÓN |
| Centro catalogador/agencia de origen |
DO-SdBNP |
| Lengua de catalogación |
spa |
| Centro/agencia transcriptor |
BNPHU |
| 041 17 - CÓDIGO DE LENGUA |
| Código de lengua del texto/banda sonora o título independiente |
spa |
| Código de lengua original |
ita |
| Fuente del código |
Código de idioma MARC |
| 082 ## - NÚMERO DE LA CLASIFICACIÓN DECIMAL DEWEY |
| Número de clasificación |
871.1 |
| Número de documento/Ítem |
O96m, 2000 |
| 049 ## - FONDOS LOCALES (OCLC) |
| Fondos de biblioteca |
BNGR |
| 100 1# - ENTRADA PRINCIPAL--NOMBRE DE PERSONA |
| Nombre de persona |
Ovidio, |
| Forma completa/desarrollada del nombre |
(Publio Ovidio Nasón) |
| Fechas asociadas al nombre |
43 a.C.-17 d.C. |
| 9 (RLIN) |
31495 |
| 240 10 - TÍTULO UNIFORME |
| Título uniforme |
P. Ovidio nasonis metamorphoseon libri xv. |
| Lenguaje de la obra |
Español |
| 245 10 - MENCIÓN DE TÍTULO |
| Título |
Metamorfosis / |
| Mención de responsabilidad, etc. |
Ovidio ; introducción y notas de Antonio Ramírez de Verger ; traducción de Antonio Ramírez de Verger y Fernando Navarro Antolín. |
| 260 ## - PUBLICACIÓN, DISTRIBUCIÓN, ETC. |
| Lugar de publicación, distribución, etc. |
Madrid : |
| Nombre del editor, distribuidor, etc. |
Alianza, |
| Fecha de publicación, distribución, etc. |
2000. |
| 300 ## - DESCRIPCIÓN FÍSICA |
| Extensión |
612, [3] p. ; |
| Dimensiones |
18 cm. |
| 490 1# - MENCIÓN DE SERIE |
| Mención de serie |
Clásicos de Grecia y Roma |
| Designación de volumen o secuencia |
BT 8202 |
| 534 ## - NOTA SOBRE LA VERSIÓN ORIGINAL |
| Encabezamiento principal del original |
Título original en italiano: |
| Mención de título del original |
P. Ovidio nasonis metamorphoseon libri xv |
| 500 ## - NOTA GENERAL |
| Nota general |
2a reimpresión de la 1a edición del 1998 |
| 650 #4 - PUNTO DE ACCESO ADICIONAL DE MATERIA--TÉRMINO DE MATERIA |
| Término de materia o nombre geográfico como elemento de entrada |
Poesía latina |
| 9 (RLIN) |
31496 |
| 650 #4 - PUNTO DE ACCESO ADICIONAL DE MATERIA--TÉRMINO DE MATERIA |
| Término de materia o nombre geográfico como elemento de entrada |
Literatura latina |
| 9 (RLIN) |
3147 |
| 700 1# - PUNTO DE ACCESO ADICIONAL--NOMBRE DE PERSONA |
| Nombre de persona |
Ramírez de Verger, Antonio, |
| Término indicativo de función/relación |
intr. |
| 9 (RLIN) |
31497 |
| 700 1# - PUNTO DE ACCESO ADICIONAL--NOMBRE DE PERSONA |
| Nombre de persona |
Navarro Antolín, Fernando, |
| Término indicativo de función/relación |
tr. |
| 9 (RLIN) |
15244 |
| 830 #0 - PUNTO DE ACCESO ADICIONAL DE SERIE-TÍTULO UNIFORME |
| Título uniforme |
Clásicos de Grecia y Roma ; |
| Designación de volumen o secuencia |
BT 8202 |
| 9 (RLIN) |
31498 |